[Event "1. OEsterreichische Internet Schach Meisterschaft - Vorrunde 1"]
[Site "Online - Playchess.com"]
[Date ""]
[Round "1"]
[Board "69"]
[White "Schein, Leopold"]
[Black "Enne, Harald"]
[Result "1/2-1/2"]
[WhiteElo "1584"]
[BlackElo "1916"]
[PlyCount "128"]
[EventDate "2020.04.11"]
[EventRounds "9"]
[EventCountry "AUT"]

1. d4 Nf6 2. Nf3 d5 3. g3 g6 4. Bg2 Bg7 5. O-O O-O 6. c4 c6 7. b3 Re8 8. Nbd2
Bf5 9. Nh4 Bc8 10. e4 dxe4 11. Nxe4 Nxe4 12. Bxe4 Bh3 13. Re1 Nd7 14. Bb2 Nf6
15. Bg2 Bxg2 16. Nxg2 Qc7 17. Qc2 Rad8 18. Rad1 e6 19. Ne3 h5 20. d5 cxd5 21.
cxd5 Qxc2 22. Nxc2 Nxd5 23. Bxg7 Kxg7 24. Rc1 Rc8 25. Nd4 a6 26. Rc2 Rxc2 27.
Nxc2 Rc8 28. Ne3 Nc3 29. a3 Nb5 30. a4 Nd4 31. Rb1 Rc3 32. b4 f6 33. b5 axb5
34. axb5 b6 35. Kf1 Rc5 36. Rd1 e5 37. Kg2 Rxb5 38. Rd2 Kf7 39. Nc4 Ke6 40. Rd3
Rb4 41. Ne3 e4 42. Ra3 f5 43. Ra8 Ke5 44. Rg8 f4 45. gxf4+ Kxf4 46. Nd5+ Kf5
47. Nxb4 Ne2 48. Rb8 Nf4+ 49. Kf1 Kg4 50. Rxb6 g5 51. Rb5 h4 52. Nd5 Nd3 53.
Nf6+ Kf4 54. Nd7 g4 55. Nc5 Nc1 56. Rb1 Nd3 57. Ra1 Nxc5 58. Rc1 Nd3 59. Rc4 g3
60. hxg3+ hxg3 61. fxg3+ Kf3 62. Rc8 Kxg3 63. Re8 Kf3 64. Rxe4 Kxe4  1/2-1/2

[Event "1. OEsterreichische Internet Schach Meisterschaft - Vorrunde 1"]
[Site "Online - Playchess.com"]
[Date ""]
[Round "1"]
[Board "70"]
[White "Lammer, Michael"]
[Black "Borrmann, Laurenz"]
[Result "0-1"]
[WhiteElo "1499"]
[BlackElo "1880"]
[PlyCount "108"]
[EventDate "2020.04.11"]
[EventRounds "9"]
[EventCountry "AUT"]

1. e4 c5 2. Nf3 d6 3. d4 cxd4 4. Qxd4 Nc6 5. Qd1 Nf6 6. Nc3 g6 7. Bb5 Bg7 8.
O-O O-O 9. Re1 Bd7 10. e5 dxe5 11. Bxc6 Bxc6 12. Nxe5 Qc7 13. Nxc6 Qxc6 14.
Rxe7 Rad8 15. Qe1 Nd5 16. Nxd5 Rxd5 17. c3 Rfd8 18. Be3 Bf6 19. Re4 Rd3 20.
Bxa7 b6 21. f3 Qb7 22. Re8+ Kg7 23. Rxd8 Rxd8 24. Bxb6 Qxb6+ 25. Kh1 Qxb2 26.
Rb1 Qxc3 27. Qe2 Rd2 28. Qe4 Rxa2 29. h3 Qc2 30. Qxc2 Rxc2 31. Rb7 Be5 32. Rb1
h5 33. Kg1 h4 34. Kf1 Bg3 35. Rd1 Rf2+ 36. Kg1 Re2 37. Kf1 Rb2 38. Kg1 Kf6 39.
Kf1 Kf5 40. Kg1 Kf4 41. Kf1 Ke3 42. Rc1 Rd2 43. Re1+ Bxe1 44. Kxe1 Rxg2 45. Kf1
Ra2 46. f4 Kf3 47. Ke1 Kxf4 48. Kd1 Kg3 49. Kc1 Kxh3 50. Kb1 Rg2 51. Kc1 Kg3
52. Kd1 h3 53. Ke1 h2 54. Kd1 h1=Q#  0-1

[Event "1. OEsterreichische Internet Schach Meisterschaft - Vorrunde 1"]
[Site "Online - Playchess.com"]
[Date ""]
[Round "1"]
[Board "71"]
[White "Moerwald, Miriam"]
[Black "Wischounig, Laurin"]
[Result "0-1"]
[WhiteElo "1760"]
[BlackElo "1878"]
[PlyCount "80"]
[EventDate "2020.04.11"]
[EventRounds "9"]
[EventCountry "AUT"]

1. e4 c6 2. Nc3 d5 3. Nf3 Bg4 4. Be2 e6 5. d4 Nd7 6. O-O Bb4 7. Qd3 Ne7 8. a3
Bxc3 9. bxc3 dxe4 10. Qxe4 Nf6 11. Qd3 Bf5 12. Qd1 O-O 13. Bg5 h6 14. Bxf6 gxf6
15. Qd2 Kh7 16. Nh4 Bg6 17. Bd3 Bxd3 18. Qxd3+ f5 19. Rfe1 Rg8 20. Nf3 Nd5 21.
g3 Rg7 22. Ne5 Qf6 23. c4 Nf4 24. Qe3 Ng6 25. Nxg6 Rxg6 26. Qe5 Qg5 27. Rad1
Rd8 28. Qe3 Qe7 29. Qe5 Qxa3 30. Qc7 Rf8 31. Qxb7 f4 32. Qxc6 fxg3 33. hxg3
Rfg8 34. Qf3 Qxf3 35. Re3 Qxe3 36. fxe3 Rxg3+ 37. Kf2 Rg2+ 38. Ke1 Rxc2 39. Rd2
Rg1+ 40. Ke2 Rg2+ {Zeit}  0-1

[Event "1. OEsterreichische Internet Schach Meisterschaft - Vorrunde 1"]
[Site "Online - Playchess.com"]
[Date ""]
[Round "1"]
[Board "72"]
[White "Soelkner, Julian"]
[Black "Hofstadler, Mario"]
[Result "0-1"]
[WhiteElo "1484"]
[BlackElo "1867"]
[PlyCount "62"]
[EventDate "2020.04.11"]
[EventRounds "9"]
[EventCountry "AUT"]

1. e4 c6 2. d4 d5 3. e5 Bf5 4. g4 Be4 5. f3 Bg6 6. h4 h5 7. g5 e6 8. Bd3 Ne7 9.
c3 Nd7 10. Kf2 Rc8 11. Bxg6 fxg6 12. Qd3 Kf7 13. Kg3 Nf5+ 14. Kf2 c5 15. Ne2
cxd4 16. cxd4 Qc7 17. Nbc3 a6 18. Bd2 b5 19. Rac1 Qb7 20. a3 Nb6 21. Na2 Be7
22. Nb4 Nc4 23. Bc3 a5 24. Nc2 b4 25. axb4 axb4 26. Bd2 Nxb2 27. Qb3 Nc4 28.
Nxb4 Rb8 29. Be1 Bxb4 30. Rb1 Bxe1+ 31. Kxe1 Qxb3 {Julibtw gibt auf}  0-1

[Event "1. OEsterreichische Internet Schach Meisterschaft - Vorrunde 1"]
[Site "Online - Playchess.com"]
[Date ""]
[Round "1"]
[Board "73"]
[White "Friedl, Markus"]
[Black "Hofer, Martin"]
[Result "0-1"]
[WhiteElo "1857"]
[BlackElo "1603"]
[PlyCount "48"]
[EventDate "2020.04.11"]
[EventRounds "9"]
[EventCountry "AUT"]

1. e4 d5 2. exd5 Nf6 3. Nc3 Nxd5 4. Nxd5 Qxd5 5. d4 Nc6 6. Be3 Bf5 7. Nf3 O-O-O
8. c3 e5 9. dxe5 Nxe5 10. Nxe5 Qxe5 11. Qf3 g6 12. Be2 Bc5 13. Bxc5 Qxc5 14.
O-O Rhe8 15. Rfe1 Kb8 16. Rad1 h5 17. Rxd8+ Rxd8 18. Qg3 Qa5 19. a3 Qb6 20. b4
Qc6 21. Qh4 Re8 22. Rd1 a6 23. Bf3 Qxc3 24. a4 Re1+  0-1

[Event "1. OEsterreichische Internet Schach Meisterschaft - Vorrunde 1"]
[Site "Online - Playchess.com"]
[Date ""]
[Round "1"]
[Board "74"]
[White "Messner, Andreas"]
[Black "Pilshofer, Paul"]
[Result "0-1"]
[WhiteElo "1856"]
[BlackElo "1715"]
[PlyCount "100"]
[EventDate "2020.04.11"]
[EventRounds "9"]
[EventCountry "AUT"]

1. Nf3 d5 2. c4 c6 3. e3 Nf6 4. Nc3 g6 5. b3 Bg7 6. Bb2 O-O 7. d4 Nbd7 8. Bd3
Qc7 9. Rc1 dxc4 10. Bxc4 Nb6 11. Be2 Be6 12. O-O Rfd8 13. Qc2 Nfd5 14. Nxd5
Nxd5 15. a3 Qd7 16. Rfd1 f5 17. Ne5 Bxe5 18. dxe5 Qe8 19. Bc4 Qf7 20. g3 Rd7
21. b4 Rad8 22. Qa4 b5 23. Bxb5 cxb5 24. Qxb5 Nc7 25. Qe2 Rxd1+ 26. Rxd1 Rxd1+
27. Qxd1 Bd5 28. a4 e6 29. Bd4 a6 30. Bc5 Qd7 31. f3 Bc6 32. Qe2 Bxa4 33. Bd6
Bb5 34. Qc2 Nd5 35. Kf2 Qc6 36. Qxc6 Bxc6 37. h4 Kf7 38. e4 fxe4 39. fxe4 Nc3
40. Ke3 Nd1+ 41. Kd4 Nf2 42. Kc5 Bb5 43. Kd4 Nh1 44. g4 Nf2 45. h5 Nxg4 46.
hxg6+ hxg6 47. Bc5 Nf2 48. Ke3 Nd1+ 49. Kf4 Nb2 50. Bd4 Nd3+  0-1

[Event "1. OEsterreichische Internet Schach Meisterschaft - Vorrunde 1"]
[Site "Online - Playchess.com"]
[Date ""]
[Round "1"]
[Board "75"]
[White "Goelles, Herbert"]
[Black "Rotter, Harald"]
[Result "1-0"]
[WhiteElo "1705"]
[BlackElo "1854"]
[PlyCount "87"]
[EventDate "2020.04.11"]
[EventRounds "9"]
[EventCountry "AUT"]

1. f4 e6 2. Nf3 b6 3. d3 Bb7 4. e4 d6 5. Be2 Nd7 6. O-O h6 7. b3 Ne7 8. Bb2 a6
9. Nbd2 Rg8 10. Nc4 g6 11. Qd2 Bg7 12. c3 f5 13. Qe3 Nc5 14. b4 Nd7 15. Ncd2 e5
16. fxe5 Nxe5 17. d4 Ng4 18. Qd3 f4 19. Rfe1 g5 20. Nc4 Qd7 21. Nfd2 O-O-O 22.
h3 Nf6 23. d5 Ng6 24. a4 Rde8 25. b5 a5 26. Bf3 Nh4 27. Re2 Nxf3+ 28. Qxf3 g4
29. hxg4 Nxg4 30. Qxf4 Ref8 31. Qg3 Nf2 32. Rxf2 Rxf2 33. Qxf2 h5 34. Rf1 Bh6
35. Nf3 Qg4 36. Bc1 Bg7 37. Ng5 Bxc3 38. Qf7 Bd4+ 39. Kh1 Qh4+ 40. Nh3 Rxg2 41.
Qe8+ Qd8 42. Qxd8+ Kxd8 43. Kxg2 Ke7 44. Bg5+ {Zeit}  1-0

[Event "1. OEsterreichische Internet Schach Meisterschaft - Vorrunde 1"]
[Site "Online - Playchess.com"]
[Date ""]
[Round "1"]
[Board "76"]
[White "Maister, Dieter"]
[Black "Kessler, Manuel"]
[Result "0-1"]
[WhiteElo "1851"]
[BlackElo "1731"]
[PlyCount "182"]
[EventDate "2020.04.11"]
[EventRounds "9"]
[EventCountry "AUT"]

1. e4 c5 2. Nf3 e6 3. d4 cxd4 4. c3 d3 5. Bxd3 Nc6 6. O-O Nge7 7. Qe2 Ng6 8.
Rd1 Be7 9. Nbd2 O-O 10. Nf1 Qc7 11. Bc4 Nce5 12. Bb3 d6 13. Ne3 Bd7 14. h3 Nf4
15. Qf1 Nxf3+ 16. gxf3 e5 17. Nf5 Bxf5 18. exf5 Qc6 19. Bxf4 exf4 20. Bd5 Qb6
21. Qe2 Bf6 22. Kh2 Rfe8 23. Qd2 Qb5 24. Re1 Qc5 25. Re4 Rxe4 26. fxe4 Be5 27.
f3 Rb8 28. Rc1 b5 29. b3 Qe3 30. Qxe3 fxe3+ 31. Kg2 Bf4 32. Rc2 Rc8 33. Kf1 g6
34. fxg6 hxg6 35. Ke2 Kg7 36. Kd3 Rh8 37. Bc6 Rxh3 38. Bxb5 Rxf3 39. Re2 g5 40.
Bd7 f6 41. c4 Kg6 42. b4 Kh5 43. a4 Rf2 44. a5 Rxe2 45. Kxe2 Kh4 46. Kf3 Be5
47. b5 Bd4 48. Bf5 Bc5 49. Be6 Kh5 50. Bg4+ Kg6 51. Ke2 Kf7 52. Kf3 Ke7 53. Ke2
Kd8 54. Kd3 Kc7 55. Ke2 Bb4 56. a6 Bc5 57. Kd3 Kb6 58. Ke2 Ka5 59. Kd3 Kb4 60.
Be6 Kb3 61. Ke2 Kc3 62. Bd5 Bb6 63. Be6 Kd4 64. Bd5 Bc5 65. Kf3 Kd3 66. Be6 e2
67. Kg4 e1=Q 68. Kf5 Qf2+ 69. Kg6 Qf4 70. Bf5 Qe5 71. Kh5 Qe8+ 72. Kg4 Qh8 73.
Kf3 Qh1+ 74. Kg4 Qxe4+ 75. Bxe4+ Kxe4 76. Kg3 f5 77. Kg2 f4 78. Kf1 g4 79. Kg2
g3 80. Kf1 f3 81. b6 axb6 82. a7 g2+ 83. Ke1 g1=Q+ 84. Kd2 Qe3+ 85. Kc2 Qa3 86.
Kb1 Qxa7 87. Kc2 f2 88. Kd2 f1=Q 89. Kc3 Qa3+ 90. Kc2 Qf2+ 91. Kb1 Qab2#  0-1

[Event "1. OEsterreichische Internet Schach Meisterschaft - Vorrunde 1"]
[Site "Online - Playchess.com"]
[Date ""]
[Round "1"]
[Board "77"]
[White "Stolzlechner, Andreas"]
[Black "Ussar, Reinhard"]
[Result "1-0"]
[WhiteElo "1835"]
[BlackElo "1676"]
[PlyCount "105"]
[EventDate "2020.04.11"]
[EventRounds "9"]
[EventCountry "AUT"]

1. e4 e5 2. Nf3 Nf6 3. Nxe5 d6 4. Nf3 Nxe4 5. Nc3 Nxc3 6. dxc3 Be7 7. Be3 O-O
8. Qd2 a5 9. Bd3 Nc6 10. O-O-O Be6 11. Kb1 a4 12. Nd4 Bd5 13. f3 Nxd4 14. cxd4
c5 15. dxc5 dxc5 16. Bxh7+ Kxh7 17. Qxd5 Qb6 18. Qe4+ Kg8 19. Qxe7 Rae8 20.
Qxc5 Qe6 21. Rhe1 Rc8 22. Qd5 Qg6 23. Rd2 Rfd8 24. Qxd8+ Rxd8 25. Rxd8+ Kh7 26.
Rd2 b5 27. a3 Qh5 28. h3 Qh4 29. Red1 Qg3 30. Bc5 Qf4 31. Bb4 Qg3 32. Bc3 Qf4
33. Rd5 Qb8 34. Rh5+ Kg6 35. Rdd5 f6 36. Rxb5 Qh2 37. Rh4 Qg1+ 38. Ka2 Qc1 39.
Rg4+ Kf7 40. Rb7+ Ke6 41. Rgxg7 Qxc2 42. Rgc7 Qf5 43. Rb6+ Kd5 44. Rb5+ Kd6 45.
Rxf5 Kxc7 46. Rxf6 Kd7 47. h4 Ke7 48. h5 Ke8 49. h6 Ke7 50. h7 Kd7 51. h8=Q Ke7
52. Qg7+ Ke8 53. Rf8#  1-0

[Event "1. OEsterreichische Internet Schach Meisterschaft - Vorrunde 1"]
[Site "Online - Playchess.com"]
[Date ""]
[Round "1"]
[Board "78"]
[White "Schwarz, Benedikt"]
[Black "Guba, Viktor"]
[Result "1-0"]
[WhiteElo "1815"]
[BlackElo "1401"]
[PlyCount "41"]
[EventDate "2020.04.11"]
[EventRounds "9"]
[EventCountry "AUT"]

1. d4 Nf6 2. Bf4 g6 3. Nc3 Bg7 4. e4 d6 5. Qd2 Nc6 6. O-O-O Nd7 7. Nf3 O-O 8.
Bh6 e5 9. Bxg7 Kxg7 10. dxe5 Ndxe5 11. Nxe5 Nxe5 12. f4 Nc6 13. h3 h5 14. Be2
Qe8 15. g4 hxg4 16. hxg4 Rh8 17. f5 Ne5 18. Nd5 Rxh1 19. Rxh1 Qd8 20. Qh6+ Kg8
21. Qh8#  1-0

[Event "1. OEsterreichische Internet Schach Meisterschaft - Vorrunde 1"]
[Site "Online - Playchess.com"]
[Date ""]
[Round "1"]
[Board "79"]
[White "Pedevilla, Luis"]
[Black "Kratochwill, Christian"]
[Result "1-0"]
[WhiteElo "1650"]
[BlackElo "1717"]
[PlyCount "131"]
[EventDate "2020.04.11"]
[EventRounds "9"]
[EventCountry "AUT"]

1. e4 c5 2. Nc3 Nc6 3. f4 e6 4. Nf3 d5 5. e5 Be7 6. Bb5 a6 7. Bxc6+ bxc6 8. O-O
Nh6 9. d3 Nf5 10. Qe1 Nd4 11. Nxd4 cxd4 12. Ne2 c5 13. Qg3 g6 14. b3 Bb7 15. a4
a5 16. Ba3 O-O 17. Qh3 Re8 18. g4 Rc8 19. f5 exf5 20. gxf5 Bg5 21. f6 Bxf6 22.
exf6 Rxe2 23. Qh6 Qf8 24. Qg5 h6 25. Qg4 Re5 26. Rae1 Rg5 27. Qxg5 hxg5 28. Rf2
Qh6 29. Rfe2 Qf8 30. Rg2 Rc6 31. Rge2 Rc8 32. Rg2 Kh7 33. Rxg5 Kh6 34. Rg4 Rc6
35. Rf1 Bc8 36. Rh4+ Kg5 37. Rhf4 Qh6 38. h4+ Kh5 39. Bc1 Qf8 40. Kg2 Qd8 41.
Kg3 Bf5 42. Rxf5+ gxf5 43. Rxf5+ Kg6 44. Kg4 Rxf6 45. h5+ Kh7 46. Bg5 Kg7 47.
h6+ Kg6 48. Rxf6+ Qxf6 49. Bxf6 Kxf6 50. Kh5 c4 51. dxc4 dxc4 52. bxc4 Ke7 53.
h7 f5 54. h8=Q Ke6 55. Kg5 f4 56. Qf6+ Kd7 57. Kxf4 d3 58. cxd3 Kc7 59. Ke5 Kb7
60. Kd5 Kc7 61. Qd6+ Kb7 62. Qc6+ Ka7 63. Kc5 Kb8 64. Qd7 Ka8 65. Kb6 Kb8 66.
Qd8#  1-0

[Event "1. OEsterreichische Internet Schach Meisterschaft - Vorrunde 1"]
[Site "Online - Playchess.com"]
[Date ""]
[Round "1"]
[Board "80"]
[White "Weichhart, Daniel"]
[Black "Mittelbach, Eduard"]
[Result "1-0"]
[WhiteElo "1648"]
[BlackElo "1667"]
[PlyCount "71"]
[EventDate "2020.04.11"]
[EventRounds "9"]
[EventCountry "AUT"]

1. e4 d5 2. exd5 Nf6 3. Bb5+ Bd7 4. Bxd7+ Qxd7 5. Nf3 Nxd5 6. O-O Nc6 7. Nc3 e6
8. Re1 Bc5 9. Ne4 Bb6 10. c3 O-O 11. d4 Rad8 12. Bf4 Rfe8 13. Bg3 Nce7 14. Ned2
Nf5 15. Nc4 Nxg3 16. hxg3 Qe7 17. Nxb6 Nxb6 18. Ne5 f6 19. Nf3 e5 20. Qb3+ Qf7
21. Qxf7+ Kxf7 22. dxe5 fxe5 23. Nxe5+ Kf6 24. Ng4+ Kg5 25. Rxe8 Rxe8 26. Ne3
Rd8 27. Rd1 Rxd1+ 28. Nxd1 Nc4 29. b3 Nd2 30. f3 Nb1 31. Kf2 Na3 32. c4 b5 33.
c5 Nc2 34. Ke2 Kf5 35. Ne3+ Ke6 36. Nxc2 {Kater_ed gibt auf}  1-0

[Event "1. OEsterreichische Internet Schach Meisterschaft - Vorrunde 1"]
[Site "Online - Playchess.com"]
[Date ""]
[Round "1"]
[Board "81"]
[White "Astner, Klaus"]
[Black "Pasteiner, Gernot"]
[Result "0-1"]
[WhiteElo "1409"]
[BlackElo "1632"]
[PlyCount "38"]
[EventDate "2020.04.11"]
[EventRounds "9"]
[EventCountry "AUT"]

1. d4 e5 2. c4 exd4 3. Qxd4 Nc6 4. Qd1 Bb4+ 5. Nc3 d6 6. e3 Nf6 7. Nf3 Bg4 8.
Be2 Ne4 9. Qc2 Nxc3 10. bxc3 Bc5 11. O-O O-O 12. h3 Be6 13. Qd3 h6 14. Bd1 Qf6
15. Bc2 g6 16. Qe2 Qxc3 17. Rb1 Bxc4 18. Bd3 Bxd3 19. Qd1 Bxb1 {ConteMamai
gibt auf}  0-1

[Event "1. OEsterreichische Internet Schach Meisterschaft - Vorrunde 1"]
[Site "Online - Playchess.com"]
[Date ""]
[Round "1"]
[Board "82"]
[White "Nyenstad, Martin"]
[Black "Klinglmair, Guenter"]
[Result "0-1"]
[WhiteElo "800"]
[BlackElo "1483"]
[PlyCount "62"]
[EventDate "2020.04.11"]
[EventRounds "9"]
[EventCountry "AUT"]

1. e4 c6 2. Nc3 d5 3. exd5 cxd5 4. d4 Bf5 5. Nf3 e6 6. Bd3 Bxd3 7. Qxd3 Nd7 8.
O-O Rc8 9. Bf4 Bb4 10. a3 Ba5 11. b4 Bc7 12. Nb5 Bxf4 13. Nxa7 Ra8 14. Nb5 Ngf6
15. Nd6+ Bxd6 16. Rae1 O-O 17. Ng5 g6 18. Re3 Bf4 19. Rf3 Bxg5 20. Rg3 Ne4 21.
Rh3 Rc8 22. f3 Nef6 23. f4 Ne4 24. fxg5 Qxg5 25. g3 Rc3 26. Qe2 Ndf6 27. g4
Rxh3 28. Rf3 Rxf3 29. Qxf3 Qxg4+ 30. Qxg4 Nxg4 31. h3 Ne3  0-1

[Event "1. OEsterreichische Internet Schach Meisterschaft - Vorrunde 1"]
[Site "Online - Playchess.com"]
[Date ""]
[Round "2"]
[Board "1"]
[White "Ragger, Markus"]
[Black "Huliak, Peter"]
[Result "1-0"]
[WhiteElo "2679"]
[BlackElo "1958"]
[PlyCount "41"]
[EventDate "2020.04.11"]
[EventRounds "9"]
[EventCountry "AUT"]

1. e4 c5 2. Nf3 Nc6 3. Bb5 d6 4. O-O Nf6 5. Re1 e5 6. c3 a6 7. Bxc6+ bxc6 8. d4
exd4 9. cxd4 Be7 10. dxc5 dxc5 11. Qxd8+ Kxd8 12. Ne5 Kc7 13. Nxf7 Rf8 14. Bf4+
Kb6 15. Ne5 Be6 16. Nd2 Rad8 17. Ndc4+ Bxc4 18. Nxc4+ Kb5 19. b3 Nh5 20. Bd2
Rd7 21. a4#  1-0

[Event "1. OEsterreichische Internet Schach Meisterschaft - Vorrunde 1"]
[Site "Online - Playchess.com"]
[Date ""]
[Round "2"]
[Board "2"]
[White "Dietmayer-Kraeutler, Marco"]
[Black "Kilgus, Georg"]
[Result "0-1"]
[WhiteElo "2284"]
[BlackElo "2461"]
[PlyCount "94"]
[EventDate "2020.04.11"]
[EventRounds "9"]
[EventCountry "AUT"]

1. d4 Nf6 2. c4 e6 3. Nc3 Bb4 4. Qc2 O-O 5. a3 Bxc3+ 6. Qxc3 b6 7. Bg5 Bb7 8.
f3 d6 9. e3 Nbd7 10. Bd3 Rc8 11. Ne2 Nd5 12. Bxh7+ Kh8 13. Bxd8 Nxc3 14. Nxc3
Kxh7 15. Bh4 e5 16. O-O Rfe8 17. d5 c6 18. dxc6 Bxc6 19. Rfd1 Re6 20. b3 Nc5
21. Rab1 f6 22. e4 Kg8 23. Kf2 Kf7 24. Ke3 g6 25. Bf2 f5 26. Nd5 Ree8 27. Nb4
Ke6 28. Nxc6 Rxc6 29. h4 a6 30. g4 fxe4 31. fxe4 Rf8 32. Bg3 Rc7 33. b4 Na4 34.
Rf1 Rxf1 35. Rxf1 Rxc4 36. g5 Rc3+ 37. Kf2 Rxa3 38. Kg2 Ra2+ 39. Kh3 Nc3 40.
Rf6+ Kd7 41. Rxg6 Nxe4 42. Bh2 a5 43. bxa5 bxa5 44. h5 a4 45. h6 Ra3+ 46. Kg4
Nf2+ 47. Kh4 Rh3#  0-1

[Event "1. OEsterreichische Internet Schach Meisterschaft - Vorrunde 1"]
[Site "Online - Playchess.com"]
[Date ""]
[Round "2"]
[Board "3"]
[White "Kwech, Andreas"]
[Black "Froewis, Georg"]
[Result "0-1"]
[WhiteElo "1901"]
[BlackElo "2457"]
[PlyCount "64"]
[EventDate "2020.04.11"]
[EventRounds "9"]
[EventCountry "AUT"]

1. e4 d5 2. exd5 Qxd5 3. Nc3 Qd6 4. d4 Nf6 5. Nf3 Nc6 6. Be3 Bg4 7. Be2 e6 8.
h3 Bh5 9. Qd2 O-O-O 10. O-O-O Qb4 11. a3 Qa5 12. Na2 Qxd2+ 13. Rxd2 Be7 14. Nc3
h6 15. Rhd1 a6 16. Ne5 Bxe2 17. Rxe2 Nxe5 18. dxe5 Rxd1+ 19. Kxd1 Nd7 20. f4
Rd8 21. Rd2 g5 22. g3 Rg8 23. Ne4 gxf4 24. gxf4 f5 25. exf6 Nxf6 26. Nxf6 Bxf6
27. c3 Rg3 28. Ke2 Rxh3 29. Kd3 e5 30. Ke4 exf4 31. Bxf4 Rh4 32. Kf5 Rxf4+ {
Akwech gibt auf}  0-1

[Event "1. OEsterreichische Internet Schach Meisterschaft - Vorrunde 1"]
[Site "Online - Playchess.com"]
[Date ""]
[Round "2"]
[Board "4"]
[White "Pali, Philipp"]
[Black "Schwabeneder, Florian"]
[Result "0-1"]
[WhiteElo "2245"]
[BlackElo "2431"]
[PlyCount "94"]
[EventDate "2020.04.11"]
[EventRounds "9"]
[EventCountry "AUT"]

1. c4 e6 2. g3 d5 3. Bg2 Nf6 4. Nf3 dxc4 5. Na3 Bxa3 6. bxa3 b5 7. Bb2 Bb7 8.
O-O Nbd7 9. a4 a6 10. d3 cxd3 11. Qxd3 O-O 12. axb5 axb5 13. Qxb5 Ba6 14. Qc6
Bxe2 15. Rfe1 Ra6 16. Qc3 Bxf3 17. Bxf3 Qb8 18. Rac1 c5 19. a3 Rb6 20. Ba1 Rb3
21. Qc2 Rxf3 22. Rcd1 Qb3 23. Qe2 Qxa3 24. Kg2 Rb3 25. Rd2 Qb4 26. Kg1 h6 27.
Red1 Rb1 28. Qe3 Rxd1+ 29. Rxd1 Nd5 30. Qf3 N7f6 31. h3 Rb8 32. Be5 Rb7 33. Ra1
Qe4 34. Ra8+ Kh7 35. Qxe4+ Nxe4 36. Rc8 f6 37. Bf4 Nxf4 38. gxf4 Rb2 39. f3 Nd2
40. Rxc5 Nxf3+ 41. Kf1 e5 42. fxe5 Nxe5 43. Kg1 h5 44. Rd5 Kg6 45. Ra5 Kf5 46.
Ra4 g5 47. Rc4 Nxc4  0-1

[Event "1. OEsterreichische Internet Schach Meisterschaft - Vorrunde 1"]
[Site "Online - Playchess.com"]
[Date ""]
[Round "2"]
[Board "5"]
[White "Brehovsky, Paul"]
[Black "Halvax, Georg"]
[Result "0-1"]
[WhiteElo "2149"]
[BlackElo "2416"]
[PlyCount "59"]
[EventDate "2020.04.11"]
[EventRounds "9"]
[EventCountry "AUT"]

1. d4 d5 2. c4 e6 3. Nf3 Nf6 4. Nc3 Bb4 5. Bg5 Nbd7 6. e3 c5 7. cxd5 exd5 8.
dxc5 Qa5 9. Bxf6 Nxf6 10. Rc1 Ne4 11. Qc2 Qxa2 12. Bb5+ Ke7 13. O-O Bxc3 14.
bxc3 Qxc2 15. Rxc2 Nxc5 16. Rd1 Be6 17. Nd4 a6 18. Be2 b5 19. Ra1 Rhc8 20. f4
g6 21. g4 Ne4 22. f5 gxf5 23. gxf5 Bd7 24. Rac1 Rc7 25. Bf3 Rg8+ 26. Kf1 Rgc8
27. Bxe4 dxe4 28. Kf2 Rc5 29. Ra1 Bxf5 30. Ra5  0-1

[Event "1. OEsterreichische Internet Schach Meisterschaft - Vorrunde 1"]
[Site "Online - Playchess.com"]
[Date ""]
[Round "2"]
[Board "6"]
[White "Rieger, Robert"]
[Black "Schneider-Zinner, Harald"]
[Result "1-0"]
[WhiteElo "2307"]
[BlackElo "2381"]
[PlyCount "59"]
[EventDate "2020.04.11"]
[EventRounds "9"]
[EventCountry "AUT"]

1. e4 e5 2. Nf3 d6 3. d4 exd4 4. Nxd4 Nf6 5. Nc3 Nc6 6. g3 Be7 7. Bg2 Nxd4 8.
Qxd4 O-O 9. h3 Re8 10. Be3 Bf8 11. O-O-O c5 12. Qd3 Bd7 13. g4 Bc6 14. g5 Nd7
15. h4 a6 16. f4 b5 17. h5 b4 18. Nd5 Bxd5 19. Qxd5 Nb6 20. Qd3 c4 21. Qd4 Nd7
22. g6 fxg6 23. hxg6 h6 24. Qxc4+ Kh8 25. Bd4 Nf6 26. Rxh6+ gxh6 27. Qf7 Bg7
28. Rh1 h5 29. Bxf6 h4 30. Qxg7#  1-0

[Event "1. OEsterreichische Internet Schach Meisterschaft - Vorrunde 1"]
[Site "Online - Playchess.com"]
[Date ""]
[Round "2"]
[Board "7"]
[White "Fuchs, Georg"]
[Black "Freitag, Manfred"]
[Result "0-1"]
[WhiteElo "2234"]
[BlackElo "2356"]
[PlyCount "56"]
[EventDate "2020.04.11"]
[EventRounds "9"]
[EventCountry "AUT"]

1. e4 e5 2. Nf3 Nc6 3. d4 exd4 4. Nxd4 Bc5 5. Be3 Qf6 6. c3 Nge7 7. Bc4 Ne5 8.
Be2 O-O 9. O-O Qg6 10. Nd2 d5 11. Bh5 Qa6 12. f4 N5c6 13. exd5 Nxd5 14. Bf2
Bxd4 15. cxd4 Nxf4 16. Bf3 Nd3 17. Bg3 Nxd4 18. Bxc7 Be6 19. Be4 f5 20. Bxd3
Qxd3 21. b3 Rac8 22. Be5 Nc2 23. Rf3 Qd5 24. Nc4 Nxa1 25. Qxa1 Rfd8 26. Rf1 b5
27. Bxg7 bxc4 28. Bh6 Qd4+ {Schorsch80 gibt auf}  0-1

[Event "1. OEsterreichische Internet Schach Meisterschaft - Vorrunde 1"]
[Site "Online - Playchess.com"]
[Date ""]
[Round "2"]
[Board "8"]
[White "Schwarz, Christian"]
[Black "Platzgummer, Fabian"]
[Result "0-1"]
[WhiteElo "1948"]
[BlackElo "2336"]
[PlyCount "124"]
[EventDate "2020.04.11"]
[EventRounds "9"]
[EventCountry "AUT"]

1. d4 d5 2. c4 c6 3. Qc2 Nf6 4. Nf3 g6 5. Bf4 Bg7 6. e3 Bf5 7. Qc1 O-O 8. Nc3
a6 9. Be2 b5 10. c5 Ne4 11. O-O Nd7 12. a4 b4 13. Nxe4 Bxe4 14. a5 Bxf3 15.
Bxf3 e5 16. dxe5 Nxe5 17. Be2 Re8 18. Qd2 b3 19. Ra4 Nd7 20. Rc1 Qf6 21. Rc3
Nf8 22. Rxb3 Ne6 23. Bd6 Bf8 24. Rb6 Bxd6 25. cxd6 Rec8 26. Bxa6 Rd8 27. Bb7
Ra7 28. Qb4 c5 29. Qb5 d4 30. exd4 cxd4 31. Bf3 Qf4 32. h3 Qc1+ 33. Kh2 Qf4+
34. Kg1 Qc1+ 35. Qf1 Qc2 36. b3 d3 37. a6 d2 38. Bd1 Qc5 39. Rab4 Rxd6 40. Rb8+
Kg7 41. R4b7 Raxa6 42. Qc4 Qxc4 43. bxc4 Ra1 44. Rb1 Rxb1 45. Rxb1 Rd4 46. Rb2
Nc5 47. Kf1 Ne4 48. g3 Nc3 49. Bf3 d1=Q+ 50. Bxd1 Rxd1+ 51. Kg2 Rc1 52. Rd2 Ne4
53. Rd4 Nf6 54. Rf4 h5 55. Rd4 Rc2 56. Kf3 Nh7 57. Ke3 Ng5 58. Rf4 Nxh3 59. Rd4
Nxf2 60. c5 Ng4+ 61. Kd3 Rxc5 62. Rd7 Ne5+  0-1

[Event "1. OEsterreichische Internet Schach Meisterschaft - Vorrunde 1"]
[Site "Online - Playchess.com"]
[Date ""]
[Round "2"]
[Board "9"]
[White "Leaua, Cristinel-Costel"]
[Black "Wohlfahrt, Herbert"]
[Result "0-1"]
[WhiteElo "2045"]
[BlackElo "2285"]
[PlyCount "84"]
[EventDate "2020.04.11"]
[EventRounds "9"]
[EventCountry "AUT"]

1. e4 c5 2. Nf3 d6 3. d4 cxd4 4. Nxd4 Nf6 5. Nc3 a6 6. Bc4 e6 7. O-O Be7 8. Bb3
O-O 9. Bg5 Nbd7 10. Bxe6 fxe6 11. Nxe6 Qb6 12. Nxf8 Bxf8 13. Rb1 Qc5 14. Be3
Qh5 15. f3 Ne5 16. g4 Qh3 17. Bf4 Be6 18. Bg3 Rd8 19. Ne2 Bc4 20. b3 Bxe2 21.
Qxe2 Qh6 22. c4 Nc6 23. Rbd1 Qg6 24. h4 h5 25. g5 Nd7 26. Qd3 Nde5 27. Qd5+ Kh8
28. f4 Ng4 29. f5 Qe8 30. Rf3 Nce5 31. Bxe5 Nxe5 32. Rf4 Rd7 33. f6 Ng6 34.
fxg7+ Bxg7 35. Rf5 Ne5 36. Rdf1 Qg6 37. Qe6 Qxe6 38. g6 Qxg6+ 39. Rg5 Qxe4 40.
Rxh5+ Kg8 41. Rhf5 Qe3+ 42. Kg2 Rf7  0-1